00581nam a2200169 i 450000100060000000300090000600500170001500700030003200800410003510000410007624500650011726000360018230000220021885200320024099900170027295201220028932182ES-MaACL20230906154527.0t|030130s1968 sp ||||1| spa d1 aBenítez de Castro, Cecilio.92762513aLa noche de la luciérnaga / cCecilio Benítez de Castro. aBarcelona : bPlaneta, c[1968] a335 p. ; c19 cm. aES-MaACLjC-34246 bR.65110 c32182d32182 00104070aATENEOMbATENEOMcDEPO2d2008-01-17eSCl0oC-34246p1033316r2023-02-23 00:00:00w2023-02-23yMONOGRAFIA